Mexico

Declan Gleeson, Jamison Jeffries, Ash Frederickson, Camden Williams, Carter Blackburn, Dylan Reid


Current Events - U.S.36.6767%0%0%
Current Events - World313.33100%33%0%
Fine Arts - Ballet/Dance120.00100%100%0%
Fine Arts - Film120.00100%100%0%
Fine Arts - Jazz120.00100%100%0%
Fine Arts - Miscellaneous215.00100%50%0%
Fine Arts - Music718.5786%57%43%
Fine Arts - Opera210.0050%50%0%
Fine Arts - Painting717.14100%57%14%
Fine Arts - Photography120.00100%100%0%
Fine Arts - Sculpture323.33100%67%67%
Geography - World310.00100%0%0%
History - American813.7588%25%25%
History - Cross, Historiography, and Miscellaneous718.57100%71%14%
History - European1118.18100%64%18%
History - World520.00100%60%40%
Literature - American313.3367%67%0%
Literature - British518.00100%60%20%
Literature - European920.00100%67%33%
Literature - World and Miscellaneous425.0075%100%75%
Other - Other Academic and General Knowledge512.0080%20%20%
RMP - Buddhism130.00100%100%100%
RMP - East Asian Religion110.00100%0%0%
RMP - Greco-Roman Mythology215.00100%50%0%
RMP - Hebrew Bible120.00100%100%0%
RMP - Hinduism120.00100%100%0%
RMP - Islam215.00100%50%0%
RMP - Jewish Practice120.000%100%100%
RMP - New Testament210.00100%0%0%
RMP - Other Religion110.00100%0%0%
RMP - Philosophy323.33100%100%33%
RMP - World Mythology323.33100%100%33%
Science - Astronomy215.00100%50%0%
Science - Biology910.0078%22%0%
Science - Chemistry610.0083%17%0%
Science - Computer Science210.0050%50%0%
Science - Earth215.00100%50%0%
Science - Engineering and Miscellaneous110.00100%0%0%
Science - Physics810.0075%13%13%
Social Science - Other120.00100%100%0%
Social Science - Psychology412.5075%50%0%
Social Science - Sociology110.00100%0%0%